000 00654nam a22001937a 4500
003 OSt
005 20251204080740.0
008 251204b |||||||| |||| 00| 0 eng d
040 _aDWCL-Main lib.
_cOC
082 _aFil. 371.91 Av951 1997
100 _aAvendaƱo, Ma. Aurora Emilia C.
245 _aProfiles of gifted persons with disabilities :
_bimplications to education/
_cMa. Aurora Emilia C. AvendaƱo
260 _a[S. l. : s. n.],
_c[1997].
300 _axv, 63 p. ;
_c 22 cm.
504 _aIncludes bibliographical references.
650 _a1. Exceptional children.
650 _a2. Special education.
942 _2ddc
_cBK - FIL
_hFil.
_n0
999 _c6871
_d6871